000 03678nam a22002777a 4500
008 251020b |||||||| |||| 00| 0 eng d
020 _a9782253262398
040 _ctbs
041 _afre
_heng
100 _aRiley, Lucinda
_d1965-2021
_926221
_eauthor
245 _aAtlas
_b: the story of Pa Salt
_c/ Lucinda Riley, Harry Whittaker ; translated by Marie-Axelle de la Rochefoucauld.
260 _aParis :
_bCharleston,
_c2023.
300 _a951 pages ;
_c18 cm.
490 _aSeven sisters series
520 _a1928, Paris — Un garçon est retrouvé, à l’agonie, et recueilli par une famille bienveillante. Doux, précoce et talentueux, il s’épanouit dans son nouveau foyer, où on lui fait découvrir une vie qu’il n’aurait jamais osé imaginer. Mais il refuse de dire un seul mot sur qui il est réellement. En grandissant, tombant amoureux et suivant des cours au prestigieux Conservatoire de Paris, il parvient presque à oublier les terreurs de son passé et la promesse qu’il a juré de tenir. Pourtant, à travers l’Europe, un mal grandit, et nul n’est à l’abri. Au fond de lui, il sait que viendra le moment où il devra fuir à nouveau. 2008, mer Égée — Les sept sœurs sont réunies pour la première fois, à bord du Titan, afin de dire un dernier adieu à leur père énigmatique qu’elles ont tant aimé. À la surprise générale, c’est à la sœur disparue que Pa Salt a choisi de confier l’indice de leurs origines. Mais à chaque vérité révélée surgit une nouvelle question. Les sœurs doivent affronter l’idée que leur père adoré était peut-être un homme qu’elles connaissaient à peine. Plus troublant encore : ces secrets enfouis depuis longtemps pourraient bien avoir des conséquences sur leur présent. Traversant une vie d’amour et de perte, franchissant les frontières et les océans, Atlas : L’histoire de Pa Salt conclut la saga des Sept Sœurs dans une fin éblouissante et inoubliable.
520 _a1928, Paris - A boy is found, moments from death, and taken in by a kindly family. Gentle, precocious, talented, he flourishes in his new home, and the family show him a life he hadn’t dreamed possible. But he refuses to speak a word about who is really is. As he grows into a young man, falling in love and taking classes at the prestigious Conservatoire de Paris, he can almost forget the terrors of his past, or the promise he has vowed to keep. But across Europe an evil is rising, and no-one’s safety is certain. In his heart, he knows the time will come where he must flee once more. 2008, the Aegean - The seven sisters are gathered together for the first time, on board the Titan to say a final goodbye to the enigmatic father they loved so dearly. o the surprise of everyone, it is the missing sister who Pa Salt has chosen to entrust with the clue to their pasts. But for every truth revealed, another question emerges. The sisters must confront the idea that their adored father was someone they barely knew. And even more shockingly: that these long-buried secrets may still have consequences for them today. Spanning a lifetime of love and loss, crossing borders and oceans, Atlas: The Story of Pa Salt draws the Seven Sisters series to its stunning, unforgettable conclusion.
650 0 _aSisters
_vFiction
_922940
650 0 _aFathers
_vFiction
_926222
650 0 _aFathers and daughters
_vFiction
_922885
650 0 _aAdopted children
_vFiction
_926223
650 0 _aFamily secrets
_vFiction
_923679
651 0 _aParis (France)
_vFiction
_926224
655 0 _aHistorical fiction
_922722
700 _aRochefoucauld, Marie-Axelle de la
_926225
_etranslator
942 _2lcc
999 _c5066
_d5066